MDQL
is popping MORE tags! Check the
thread
!
Quizzes
Events
Quiz Creation
Community
Videos
Private Events
Remove Ads
Sign In
Join for FREE
Feedback
Dark Mode
Quiz Categories
Sports
Geography
Music
Movies
Television
Just For Fun
Miscellaneous
History
Literature
Language
Science
Gaming
Entertainment
Religion
Holiday
For Kids
Quiz Lab
Recent
Popular Today
Quiz Kudos Today
Editor Picks
Curator Picks
Quizzes by...
Day
Popularity
Type
Ratings
Length
Year
Community
Subscriptions
Recent Discussions
Orange Saloon
Badges
Playlists
Quests
Create
Leaderboards
Showdown
Live 5
Trivia Bingo
Activity
Puzzle Library
Sporcle Events
Private Events
Virtual Trivia
Globe League
Become a Host
Pub Owners
SporcleCon
Opinionation
Our Games
Videos
Blog
Mobile Apps
Partnerships
Remove Ads and Go Orange
Feedback
Music
Pop Music
The Beatles
Song
Album
Lyrics
Bands
Singers
Artist
Clip
Rock
Rap
Classical
Billboard
Country Music
Kpop
Taylor Swift
Music
Pop Music
The Beatles
Song
Album
Lyrics
Bands
Singers
Artist
Clip
Rock
Rap
Classical
Billboard
Country Music
Kpop
Taylor Swift
Random Quiz
Search Sporcle
×
Quiz Lab
Quiz Lab
Music
Kpop
Type in answers that appear in a list
Type in answers that appear in a list
Classic
Best Score? Go Orange.
Pair The Groups with their Agencies! Stats
Can you pair the Girl/Boy Groups with their Agencies? (HARD)
By
kidarBJ98
20m
111 Questions
618 Plays
618 Plays
618 Plays
Comments
Comments
Give Quiz Kudos
Give Quiz Kudos
-
- Ratings
hide this ad
Replay
Link that replays current quiz
Next Quiz
Link to next quiz in quiz playlist
You Got
0%
They Got
Avg Score
33%
Avg Friend Score
Upgrade to see
Score Distribution
Jump to the score distribution portion of the page
Score
0/111
Timer
20:00
0
Plays Today
Hint
Answer
% Correct
Super Junior
SM Entertainment
98.5%
SHINee
SM Entertainment
98.5%
f(x)
SM Entertainment
98.5%
EXO
SM Entertainment
98.5%
Girl's Generation
SM Entertainment
98.5%
TVXQ
SM Entertainment
98.5%
TRAX
SM Entertainment
98.5%
The Grace
SM Entertainment
98.5%
2AM
JYP Entertainment
90.5%
15&
JYP Entertainment
90.5%
4Minute
Cube Entertainment
89.8%
A Pink
A Cube Entertainment
89.8%
BEAST
Cube Entertainment
89.8%
BTOB
Cube Entertainment
89.8%
Big Bang
YG Entertainment
86.9%
Epik High
YG Entertainment
86.9%
After School
Pledis Entertainment
67.6%
Nu'est
Pledis Entertainment
67.6%
Hello Venus
Pledis Entertainment
67.6%
SISTAR
Starship Entertainment
66.8%
Secret
TS Entertainment
62.9%
Untouchable
TS Entertainment
62.9%
B.A.P
TS Entertainment
62.9%
2AM
Big Hit Entertainment
61.3%
Bangtan Boys
Big Hit Entertainment
61.3%
GLAM
Big Hit Entertainment
61.3%
Infinite
Woolim Entertainment
57.9%
TASTY
Woolim Entertainment
57.9%
VIXX
Jellyfish Entertainment
49.2%
Teen Top
TOP Media
48.1%
100%
TOP Media
48.1%
Rainbow
DSP Media
45.1%
A-
JAX
DSP Media
45.1%
KARA
DSP Media
45.1%
Fiestar
LOEN Entertainment
40.5%
Sunny Hill
LOEN Entertainment
40.5%
History
Loen Entertainment
40.5%
Hint
Answer
% Correct
U-
Kiss
NH Media
37.2%
uBeat
NH Media
37.2%
MBLAQ
J.Tune Camp
35.8%
Two X
J.Tune Camp
35.8%
Nine Muses
Star Empire Entertainment
34.5%
ZE:A
Star Empire Entertainment
34.5%
Jewelry
Star Empire Entertainment
34.5%
CN Blue
FNC Music
30.3%
FT Island
FNC Music
30.3%
AOA
FNC Music
30.3%
EvoL
Stardom Entertainment
28.3%
B1A4
WM Entertainment
27.5%
Co-
Ed School
Core Contents Media
27.2%
T-
Ara
Core Contents Media
27.2%
Davichi
Core Contents Media
27.2%
F-
ve Dolls ( Five Dolls)
Core Contents Media
27.2%
The SeeYa
Core Contents Media
27.2%
SPEED
Core Contents Media
27.2%
QBS
Core Contents Media
27.2%
Brown Eyed Girls
Nega Network
23.8%
M&N
Nega Network
23.8%
Lunafly
Nega Network
23.8%
LC9
Nega Network
23.8%
Girl's Day
Dream Tea Entertainment
21.4%
Brave Girls
Brave Entertainment
20.6%
BIGSTAR
Brave Entertainment
20.6%
Block B
Seven Seasons Entertainment
20.1%
Shinhwa
Shinhwa Company
19.4%
JYJ
C-JeS Entertainment
18.6%
Pro C
J.Tune Entertainment
16%
Ladies' Code
Polaris Entertainment
13.9%
Miss A
AQ Entertainment
13.3%
Dal Shabet
Happy Face Entertainment
13.1%
CHI CHI
Yedang Entertainment
11.7%
SPICA
B2M Entertainment
11.3%
M.I.B
Jungle Entertainment
11%
RaNia
DR Music
10.4%
Hint
Answer
% Correct
MYNAME
H2 Media
10%
X-
5
Open World Entertainment
7.8%
BESTie
YNB Entertainment
7.4%
Global Icon
Simtong Entertainment
7%
AlphaBAT
Simtong Entertainment
7%
LED Apple
Starkim Entertainment
6.3%
Mighty Mouth
101 Entertainment
6.1%
2EYES
SidusHQ
6%
C-
REAL
NAP Entertainment
5%
Wa$$up
Mafia Records
5%
EXID
AB Entertainment
4.9%
Chocolat
Paramount Music
4.7%
N-
Train
MediaLine Entertainment
4.4%
CROSS GENE
Amuse Korea Entertainment
4.4%
Stellar
Top Class Entertainment
4.4%
AA
Well Made Star M
4.2%
F.Cuz
CAN Entertainment
4%
Boy's Republic
Universal Music Korea
3.6%
D-
UNIT
D-Business Entertainment
3.2%
Koyote
Trifecta Entertainment
3.1%
TINY-
G
GNG Productions
2.9%
Skarf
Alpha Entertainment
2.9%
The Boss
Poom Entertainment
2.9%
M.Pire
Benjamin Entertainment
2.8%
Supernova
Maru Entertainment
2.4%
A-
Prince
New Planet Entertainment
2.4%
Demion
Lions Bridge
2.3%
Blady
SY6 Entertainment
2.1%
SHU-
I
Yejeon Media
2.1%
DMNT (Dalmatian)
Two Works Entertainment
1.9%
Lessang
Lessang Company
1.8%
LPG
Chan2 Productions
1.6%
F.I.X
The Groove Entertainment
1.6%
N-
Sonic
M-Box Entertainment
1.1%
Peach Girl
JM Star Entertainment
1%
JP Basic
JN Entertainment
0.6%
TREN-
D
103 Entertainment
0.6%
Quiz Playlist
Details
Report
Send in Message
Add To Playlist
Classic:
Type in answers that appear in a list
Last Updated: Feb 16, 2017
Quiz Scoreboard
CHALLENGE
Sign Up to Join the Scoreboard
Show All
Scores
Hide
Comments
May contain spoilers
Recently Published
Street Fighter Characters
by Artimus82
Gaming
60s
9x9 Crossword: Cartoon Network
by jackfrog10
Miscellaneous
3m
College Basketball Coaching Resumes
by pancakes188
Sports
9m
More to Explore
Quiz From the Vault
Featured Blog Post
Where Did the Easter Bunny Come From?
hide this ad
You Might Also Like...
Tags
Kpop Quiz
Agency
Boy Groups
group
Korea
Korean
Kpop Quiz
star
Today's Top Quizzes in Music
Browse Music
hide this ad
Today's Top Quizzes in Kpop
Browse Kpop
Top Contributed Quizzes in Music
1
Taylor Swift All Songs (2024)
2
Taylor Swift Logic Puzzle
3
Guess the Artist- 70s Songs
4
7-to-1: Billboard Hot 100 #1 Hits of 2010s
5
Sorting Albums and Songs
6
KPOP LOGIC QUIZ
7
Guess the Taylor Swift song (Mystery Song)
8
Guess The Taylor Swift Lyrics Song #1
9
Billboard Blitz: ABBA
10
Billboard Blitz: The Beatles
Explore More
Trending Topics
Crossword
NBA
Harry Potter
Disney
Marvel
Kpop
Anime
Puzzle
Country
NFL
Soccer
The Office
Pokémon
Song
WWE
hide this ad
More By:
kidarBJ98
Quiz
Plays
Rating
Category
Featured
Created
Pair The Groups with their Agencies!
618
5.00
Music
Dec 26, 2013
Go to Creator's Profile
Score Distribution
Quiz Creator Spotlight
kidarBJ98
Follow
Send a Message
Quizzes Created
-
Created Quiz Play Count
-
More By This Creator
Popular Quizzes Today
1
Find the US States - No Outlines Minefield
2
Find the Countries of Europe - No Outlines Minefield
3
The Countries of the World
4
Find the US States
5
Risky Map Clicking: Biggest States A-Z
6
US States
7
Popular People in 1961
8
Movies - When Are They Set?
More Music Quizzes
One-Word Ariana Grande Songs
Quiz Lab
Trending Quizzes
Risky Map Clicking: Least Populous States A-Z
Countries of the World: 200 Million BC
1-10 Letter G Words
Risky Map Clicking: Next State Alphabetically
Adjectives in 80s TV Shows
Recently Updated
Leaping Animals
pecheneg
Reality TV Shows (A-Z)
bhenderson79
Rickey Henderson's Hall of Fame Teammates
pecheneg
Champions League XIs: Arsenal
pecheneg
Quick Pick: Celebrities in WWE's Hall of Fame
aduchscher
A-Z Keypad Blitz II
pecheneg
Multiple Oscar Actors
pecheneg
Mystery Phrase Blitz: Oscar 'Best Actors'
pecheneg
F. Scott Fitzgerald Novels
LTH
Pick 3 Villains
ddd62291
Trending Topics
Crossword
NBA
Anime
Marvel
Disney
Harry Potter
Kpop
Song
WWE
Country
Pokémon
NFL
The Office
Puzzle
Soccer
Your Account Isn't Verified!
In order to create a playlist on Sporcle, you need to verify the email address you used during registration. Go to your
Sporcle Settings
to finish the process.
Report this User
Report this user for behavior that violates our
Community Guidelines
.
Details:
Send Report
Go to the Sporcle.com Mobile Site →
Comments